000 00297nam a22001337a 4500
020 _a817826166-9
082 _a823
_bDIC/D
100 _aCHARLES DICKENS
245 _aDAVID COPPERFIELD
260 _aDELHI
_bROHAN BOOK COMPANY
300 _a203
650 _aMODERN ILLUSTRATED CLASSICS
942 _cBK
999 _c406
_d406